Aasian valtiot tyhjällä kartalla - Statistics

Yleistilastot
  • Tätä visaa on pelattu 3 020 kertaa
  • Keskiarvotulos 41 / 48
Vastaukset kartalla
Vastauksille on annettu kartalla punavihreä väri sen mukaan, kuinka moni on saanut sen oikein.
 
Vastaustilastot
Valtio % Oikein
Kiina
99%
Intia
97%
Japani
96%
Iran
95%
Thaimaa
95%
Etelä-Korea
94%
Irak
94%
Pohjois-Korea
94%
Pakistan
93%
Indonesia
92%
Mongolia
92%
Nepal
92%
Saudi-Arabia
92%
Afganistan
91%
Israel
90%
Jemen
90%
Kazakstan
90%
Vietnam
90%
Oman
89%
Laos
88%
Myanmar
87%
Syyria
87%
Uzbekistan
87%
Bangladesh
86%
Sri Lanka
86%
Turkki
86%
Turkmenistan
86%
Armenia
84%
Filippiinit
84%
Georgia
84%
Jordania
84%
Taiwan
84%
Bhutan
83%
Azerbaidžan
82%
Kirgisia
82%
Malesia
82%
Qatar
81%
Singapore
79%
Tadžikistan
79%
Kambodža
78%
Yhdistyneet arabiemiirikunnat
78%
Kuwait
76%
Libanon
75%
Bahrain
74%
Brunei
73%
Itä-Timor
72%
Malediivit
71%
Kypros
61%
Ehtoja vastaavia visoja ei löytynyt
Tulosjakauma
Jokaisen tuloksen saaneiden osuus
Persentiili vastausten määrän mukaan
Tuloshistoriasi
Et ole pelannut tätä visaa